000 01232nam0a2200301 4500
001 RU\NLR\BIBL_A\022503847
005 20250810081109.0
035 _a(NLR Aleph) 022503847
090 _a13388572
_c13388572
100 _a20250327d1944 m y0rusy50 ca
101 0 _atgk
102 _aTJ
105 _ay z 000 y
181 0 _ai
_baxxe
182 0 _an
200 1 _aСессияи дахӯми Совети Олии СССР
_e28 январь - 1 феврали соли 1944
_eҲисоботи стенографӣ
_e[Пер. с рус.]
203 _aТекст
_bвизуальный
_cнепосредственный
210 _aМосква
_cНашри Совети Олии СССР
_d1944
_e"Известий Советов депутатов трудящихся СССР"
215 _a352 с
_d22 см
541 1 _aДесятая сессия Верховного Совета СССР.
_eСтенографический отчет
_zrus
702 1 _aАчильдиев
_bБ.
_4730
702 1 _aУлуг-заде
_bС.
_4730
852 _aNLR
_bОНЛ
_jТадж./3-1064
942 _cBOOK
945 _aРоссийская национальная библиотека
980 _aBV
980 _aNB